Consideraciones sobre el Censo Agropecuario de 1984

Artículos sobre la cuestión de la economía agropecuaria. Presenta tres aspectos del problema: primero, sobre los censos agropecuarios, donde estudia datos esenciales del Censo de 1984, comparados con años anteriores (distribución de la tierra, uso y tenencia de la tierra) segundo, análisis de las co...

Повний опис

Збережено в:
Бібліографічні деталі
Автор: González B, Rodrigo
Формат: Текст
Опубліковано: Heredia: UNA. FCTM. Escuela de Ciencias Agrarias
Предмети:
Теги: Додати тег
Немає тегів, Будьте першим, хто поставить тег для цього запису!

MARC

LEADER 00000 a a2200000 04500
001 13269
003
040
090 |a 026700  
100 |a González B, Rodrigo  
245 |a Consideraciones sobre el Censo Agropecuario de 1984  
260 |a Heredia:   |b UNA. FCTM. Escuela de Ciencias Agrarias  
300 |a 69 p.  
300 |b **no definido**  
520 |a Artículos sobre la cuestión de la economía agropecuaria. Presenta tres aspectos del problema: primero, sobre los censos agropecuarios, donde estudia datos esenciales del Censo de 1984, comparados con años anteriores (distribución de la tierra, uso y tenencia de la tierra) segundo, análisis de las corrientes sobre el problema agrario latinoamericano: parte de que el enfoque es una elaboración teórica con el objeto de conocer y modificar una realidad, y sintetiza las principales vertientes teóricas que abordan la cuestión agraria en América Latina y, tercero, hace algunas consideraciones sobre la renta del suelo en el problema agrario latinoamericano, relacionando los dos últimos aspectos, en busca de una mejor comprensión de la situación agraria. LOB/mb  
650 |a CENSOS AGROPECUARIOS  
650 |a DISTRIBUCION GEOGRAFICA  
650 |a USO DE LA TIERRA  
650 |a ECONOMIA AGRICOLA  
650 |a SECTOR AGROPECUARIO  
650 |a RENTA DE LA TIERRA  
650 |a LATIFUNDIOS  
650 |a PRODUCTIVIDAD  
650 |a INSTITUTO DE DESARROLLO AGRARIO, CR  
650 |a REFORMA AGRARIA  
650 |a TENENCIA DE LA TIERRA  
650 |a EXPLOTACION AGRICOLA  
650 |a DISTRIBUCION GEOGRAFICA  
650 |a GANANCIA  
650 |a USO DE LA TIERRA  
650 |a RENTA DE LA TIERRA  
650 |a PRODUCTIVIDAD  
650 |a GANADERIA  
999 |c 14786  |d 14786